| 000 | 00452 a2200133 4500 | ||
|---|---|---|---|
| 001 | ART_12905 | ||
| 005 | 20260410161909.0 | ||
| 008 | 260409a | ||
| 245 | 1 | 0 | _aGestión estratégica del conocimiento y cuadro de mando integral |
| 100 | 1 | _aMartinez Garcia, Francisco Javier | |
| 700 | 1 | _aRodríguez, Francisco Somohano | |
| 700 | 1 | _aFernandez Laviada, Ana | |
| 773 | 0 |
_tCostos y gestión _g- Año 13, Nº 53 (sep. 2004) _wREV12786 |
|
| 999 |
_c26666 _d26666 |
||